000
00318nam a2200133Ia 4500
008
230917s9999||||xx |||||||||||||| ||und||
040
_e
137307
_a
MAIN
041
_a
English
082
_a
658.4092 G413M
100
_a
Gilley, Jerry W.
245
0
_a
Manager as coach
260
_a
Delhi
_b
Macmillan
_c
2005
942
_c
BK
999
_c
145938
_d
145938